Od konvencií k normám - od empírie k praxi. Alebo: ako môže metóda korpusovej analýzy prispieť k zefektívneniu prekladateľskej praxe?

Analýza, akým spôsobom môže korpusová analýza prispieť k efektívnosti prekladateľskej praxe. A taktiež ako môže korpusová analýza zvýšiť kvalitu vzdelávania v oblasti odborných cudzích jazykov, konkrétne odborného jazyka práva.

Na minha lista:
Detalhes bibliográficos
Autor principal: Tuhárska, Zuzana, 1977-
Formato: Capítulo de Livro
Idioma:eslovaco
Assuntos:
Tags: Adicionar Tag
Sem tags, seja o primeiro a adicionar uma tag!

MARC

LEADER 00000naa$a2200000$$$4500
001 0268565
005 20240502083804.9
041 0 |a slo 
044 |a CZ 
245 1 0 |a Od konvencií k normám - od empírie k praxi. Alebo: ako môže metóda korpusovej analýzy prispieť k zefektívneniu prekladateľskej praxe?  |c Zuzana Tuhárska 
520 |a Analýza, akým spôsobom môže korpusová analýza prispieť k efektívnosti prekladateľskej praxe. A taktiež ako môže korpusová analýza zvýšiť kvalitu vzdelávania v oblasti odborných cudzích jazykov, konkrétne odborného jazyka práva. 
610 2 0 |a jazyky cudzie 
610 2 0 |a angličtina 
610 2 0 |a preklady 
610 2 0 |a reálie 
610 2 0 |a právo 
100 1 |a Tuhárska, Zuzana, 1977-